[Event "AUTO-INT-3964"]
[Site "http://www.queenalice.com/game.php?id=1871047"]
[Date "2026.3.27"]
[Round "1"]
[White "renet54"]
[Black "Racey"]
[Result "0-1"]
[WhiteElo "1500"]
[BlackElo "1529"]

1. c4 e5 2. Nc3 Bc5 3. g3 Qf6 4. Ne4 Qc6 5. Bg2 Bb4 6. Qb3 a5 7. Nh3 f5 8. O-O
fxe4 9. Ng5 h5 10. c5 Nh6 11. Bxe4 Qxc5 12. Bg6+ Ke7 13. Ne4 Qc6 14. Qf7+ Nxf7
15. d3 d5 16. Bxf7 Kxf7 17. Ng5+ Kf6 18. f4 d4 19. fxe5+ Kxe5 20. Nf7+ Kd5 21.
Nxh8 Bg4 22. Nf7 Bxe2 23. Rf5+ Ke6 24. Nd8+ Kxf5 25. Nxc6 Nxc6 26. h4 Bxd3 27.
Bf4 Rc8 28. a3 Bc5 29. Rc1 b6 30. b4 axb4 31. axb4 Nxb4 32. Re1 Bb5 33. Re5+ Kg6
34. Rg5+ Kh6 35. Rxc5+ Kg6 36. Rxb5 Nc2 37. Rg5+ Kh6 38. Rc5+ Kg6 39. Rxc2 c5
40. Re2 b5 41. Re6+ Kf7 42. Re5 g6 43. Bg5 b4 44. Re7+ Kf8 45. Rd7 b3 46. Bh6+
Ke8 47. Rh7 b2 48. Rh8+ Kd7 49. Rh7+ Ke6 50. Bg5 b1=Q+ 51. Kg2 Rf8 52. Re7+ Kd6
53. Rg7 Qf1+ 0-1

[Event "AUTO-INT-3964"]
[Site "http://www.queenalice.com/game.php?id=1871048"]
[Date "2026.3.27"]
[Round "1"]
[White "Racey"]
[Black "renet54"]
[Result "1-0"]
[WhiteElo "1458"]
[BlackElo "1573"]

1. e4 e5 2. Bc4 Nc6 3. Qf3 Nf6 4. g4 Nd4 5. Qd3 Bc5 6. g5 O-O 7. gxf6 Qxf6 8. h4
d6 9. a4 Nxc2+ 10. Qxc2 Qxf2+ 11. Kd1 Bg4+ 12. Ne2 Rad8 13. Qc3 d5 14. exd5 Rxd5
15. Bxd5 Qxe2+ 16. Kc2 Bf5+ 17. Kb3 b6 18. h5 Rb8 19. Bf3 Qxf3 20. Qxf3 Be6+ 21.
Kc3 Bd4+ 22. Kd3 Rd8 23. Kc2 Bd5 24. Qf1 Bxh1 25. Qxh1 Rd6 26. Qa8+ 1-0

[Event "AUTO-INT-3964"]
[Site "http://www.queenalice.com/game.php?id=1871065"]
[Date "2026.3.27"]
[Round "1"]
[White "Racey"]
[Black "EduardoRo"]
[Result "0-1"]
[WhiteElo "1520"]
[BlackElo "1704"]

1. e4 e5 2. Qh5 Nc6 3. Bc4 g6 4. Qf3 Nf6 5. h4 Bc5 6. g4 a6 7. g5 O-O 8. gxf6 d6
9. a4 Nd4 10. Qc3 Qxf6 11. a5 Be6 12. h5 Bxc4 13. Nh3 Be6 14. Ng1 Nxc2+ 15. Kd1
Nxa1 16. Nf3 Bg4 17. Ke2 b6 18. b4 Nc2 19. bxc5 Nd4+ 20. Kf1 Bxf3 21. Rh3 Be2+
22. Ke1 Bg4 23. Ba3 Bxh3 24. Qxh3 Nc2+ 25. Kd1 Nxa3 26. Nxa3 Qxf2 27. c6 b5 28.
h6 f5 29. Kc2 Rae8 30. Qb3+ Kh8 31. Qd3 f4 32. Nb1 Qc5+ 33. Qc3 f3 34. Qxc5 dxc5
35. d3 g5 36. Nd2 f2 37. Nf1 Rf6 38. Kd2 Rd8 39. Ke2 b4 40. Nd2 b3 41. Kf1 Rxd3
42. Nc4 Rh3 43. Nxe5 b2 44. Ng4 b1=Q+ 45. Ke2 f1=Q+ 46. Kd2 Qbd3# 0-1

[Event "AUTO-INT-3964"]
[Site "http://www.queenalice.com/game.php?id=1871066"]
[Date "2026.3.27"]
[Round "1"]
[White "EduardoRo"]
[Black "Racey"]
[Result "0-1"]
[WhiteElo "1685"]
[BlackElo "1479"]

1. e4 e5 2. Nf3 Qf6 3. Bc4 g5 4. d3 Bh6 5. Be3 g4 6. Bxh6 gxf3 7. Qxf3 Qxf3 8.
gxf3 Nxh6 9. Nc3 a5 10. O-O-O a4 11. Nd5 Ra5 12. Nxc7+ Kd8 13. Nb5 Nc6 14. Nd6
Nd4 15. Nxf7+ Nxf7 16. Bxf7 Nxf3 17. Bh5 Nd4 18. h4 Rc5 19. c3 b5 20. b4 Rxc3+
21. Kb2 Rc6 22. Rc1 Rf8 23. Rxc6 Nxc6 24. a3 Rxf2+ 25. Kb1 Rd2 26. Rh3 Nd4 27.
Kc1 Ra2 28. Rg3 Ne2+ 29. Kb1 Nxg3 30. Bf7 Rxa3 31. Kc2 Ke7 32. Bd5 h5 0-1

[Event "AUTO-INT-3964"]
[Site "http://www.queenalice.com/game.php?id=1871068"]
[Date "2026.3.27"]
[Round "1"]
[White "game"]
[Black "Racey"]
[Result "0-1"]
[WhiteElo "1558"]
[BlackElo "1511"]

1. e4 e5 2. Nf3 Qf6 3. Bc4 g5 4. g4 Nh6 5. Rg1 Qf4 6. d4 Qf6 7. dxe5 Qc6 8. Qd4
Bc5 9. Qd3 Rg8 10. Nd4 Qb6 11. Na3 Bxd4 12. Be3 Bxe3 13. fxe3 Qa5+ 14. c3 Nc6
15. Rf1 Qxe5 16. O-O-O a5 17. Rf2 Rf8 18. Nb5 Nxg4 19. Rf5 Qxh2 20. Bd5 Nge5 21.
Qb1 Ng4 22. Nxc7+ Qxc7 23. Re1 f6 24. Rh1 d6 25. Rf3 Nce5 26. Rfh3 Rh8 27. b3
Nf2 28. R3h2 Qxc3+ 29. Qc2 Qxe3+ 30. Qd2 Nfd3+ 31. Kc2 Qc5+ 32. Kb1 g4 33. Rh6
Ke7 34. Rf1 g3 35. Rfxf6 Rb8 36. Rf1 b5 37. Qg5+ Ke8 38. Qh5+ Kd8 39. Qg5+ Kc7
40. Qg7+ Bd7 41. Qxg3 Qc3 42. Rh2 h5 43. Rc2 Qc5 44. Rxc5+ dxc5 45. Rd1 h4 46.
Qe3 Kd6 47. Rxd3 h3 48. Rd1 Bg4 49. Rf1 b4 50. Rc1 Rbc8 51. Rd1 Bxd1 52. Bb7 Rb8
53. Bd5 h2 54. Qf4 h1=Q 55. Qf6+ Kd7 56. Qe6+ Kd8 57. Qd6+ Kc8 58. Be6+ Kb7 59.
Qxe5 Bf3+ 60. Kc2 Qd1+ 61. Kb2 Qd2+ 62. Kb1 Rh1# 0-1